Nợ tình

Salvato in:
Dettagli Bibliografici
Autore principale: Hồ, Biểu Chánh
Natura: Libro
Lingua:Undetermined
Pubblicazione: Thành phố Hồ Chí Minh Phụ Nữ 2005
Soggetti:
Tags: Aggiungi Tag
Nessun Tag, puoi essere il primo ad aggiungerne! !
Thư viện lưu trữ: Trung tâm Học liệu Trường Đại học Cần Thơ
LEADER 00562nam a2200205Ia 4500
001 CTU_73935
008 210402s9999 xx 000 0 und d
020 |b 13000 
082 |a 895.922334 
082 |b Ch107 
100 |a Hồ, Biểu Chánh 
245 0 |a Nợ tình 
245 0 |c Hồ Biểu Chánh 
260 |a Thành phố Hồ Chí Minh 
260 |b Phụ Nữ 
260 |c 2005 
650 |a Vietnamese fiction 
650 |y 20th century 
904 |i Mai Loan, Qhieu 
980 |a Trung tâm Học liệu Trường Đại học Cần Thơ